000 00629nam a2200217Ia 4500
005 20241129111338.0
008 241129s9999||||xx |||||||||||||| ||und||
020 _a978-81-7770-146-3
037 _aTB
040 _aCRL
_beng
_cCRL
041 _apun
_2pun
084 _aQ8441:45G Q3
_qCRL
100 _aMadanjit Kaur Au.
_9724156
245 0 _aGolden temple: past and present
_cMadanjit Kaur Au.
260 _aAmritsar, India
_bAmritsar Guru Nanak Dev University
_c2013
300 _axxxvi,444p.
365 _aINR
_b600
650 _aSikhismReligion
942 _cTB
_hQ8441:45G Q3
999 _c1230029
_d1230029